In the line of fire : (Record no. 3114)

MARC details
000 -LEADER
fixed length control field 00981nam a2200253 a 4500
005 - DATE AND TIME OF LATEST TRANSACTION
control field 20260112063300.0
039 ## - LEVEL OF BIBLIOGRAPHIC CONTROL AND CODING DETAIL [OBSOLETE]
Level of rules in bibliographic description 202110131251
Level of effort used to assign nonsubject heading access points staff
Level of effort used to assign subject headings 201212120337
Level of effort used to assign classification staff
Level of effort used to assign subject headings 201008180500
Level of effort used to assign classification staff
-- 201008180459
-- staff
082 ## - DEWEY DECIMAL CLASSIFICATION NUMBER
Classification number 658.452
Item number WEI [ Shelf 62 ]
100 ## - MAIN ENTRY--PERSONAL NAME
Personal name Weissman, Jerry.
245 ## - TITLE STATEMENT
Title In the line of fire :
Remainder of title how to handle tough questions when it counts /
Statement of responsibility, etc. Jerry Weissman.
246 30 - VARYING FORM OF TITLE
Title proper/short title How to handle tough questions when it counts
260 ## - PUBLICATION, DISTRIBUTION, ETC.
Place of publication, distribution, etc. Upper Saddle River, NJ :
Name of publisher, distributor, etc. Pearson Prentice Hall,
Date of publication, distribution, etc. c2005.
300 ## - PHYSICAL DESCRIPTION
Extent xxii, 185 p. :
Other physical details ill. ;
Dimensions 24 cm.
504 ## - BIBLIOGRAPHY, ETC. NOTE
Bibliography, etc. note Includes bibliographical references (p. 169-173) and index.
650 ## - SUBJECT ADDED ENTRY--TOPICAL TERM
Topical term or geographic name entry element Business presentations.
650 ## - SUBJECT ADDED ENTRY--TOPICAL TERM
Topical term or geographic name entry element Questioning.
650 ## - SUBJECT ADDED ENTRY--TOPICAL TERM
Topical term or geographic name entry element Debates and debating.
650 ## - SUBJECT ADDED ENTRY--TOPICAL TERM
Topical term or geographic name entry element Public speaking.
650 ## - SUBJECT ADDED ENTRY--TOPICAL TERM
Topical term or geographic name entry element Self presentation.
650 ## - SUBJECT ADDED ENTRY--TOPICAL TERM
Topical term or geographic name entry element Verbal self-defense.
991 ## -
-- VIRTUA40
991 ## -
-- VTLSSORT0080*0820*1000*2450*2460*2600*3000*5040*6500*6501*6502*6503*6504*6505*9992
909 ## -
-- 3519
Holdings
Withdrawn status Lost status Damaged status Not for loan Home library Current library Date acquired Total checkouts Full call number Barcode Copy number Koha item type
        Indian Institute Of Management, Shillong Indian Institute Of Management, Shillong 07/09/2010   658.452 WEI [ Shelf 62 ] 0008903   Reference
        Indian Institute Of Management, Shillong Indian Institute Of Management, Shillong 07/09/2010   658.452 WEI [ Shelf 62 ] 0008904 1 Book
        Indian Institute Of Management, Shillong Indian Institute Of Management, Shillong 07/09/2010   658.452 WEI [ Shelf 62 ] 0008905 2 Book
Copyright © 2026 Indian Institute of Management Shillong. All Rights Reserved.